000
002510000a22000970004500
100
1
_a
Müller, Karl
245
1
0
_a
The legacy of Friedrich Schawager
300
_a
Vol. 18, Núm 3 (1994), Páginas 125-130
773
0
_t
International Bulletin
942
_c
ANA
999
_c
57469
_d
57469